Jeux télévisés en France #2 - Statistiques

Statistiques générales
  • Ce quiz a été pris 638 fois
  • Le résultat moyen est 9 sur 20
Statistiques - réponses
Par images Réponse % Correct
Les Z'amours
91%
Qui veut gagner des millions ?
91%
N'oubliez pas les paroles !
88%
Les 12 Coups de midi
86%
Ninja Warrior
80%
Money Drop
71%
Des chiffres et des lettres
70%
La Roue de la fortune
62%
L'École des fans
50%
Le Grand Concours
37%
Les Traîtres
36%
Tournez Manège
32%
Pyramide
30%
Tout le monde a son mot à dire
27%
Personne n'y avait pensé !
16%
Jeopardy !
12%
La Cible
12%
District Z
9%
Zone Rouge
9%
Qui est qui ?
7%
Aucun quiz correspondant
Distribution des résultats
% des personnes avec chaque résultat
Percentile par nombre de réponses
Votre historique - résultats
Vous n’avez pas pris ce quiz